01310nam a22002417a 45000010005000000030006000050050017000110080041000280200018000690400029000870500009001160820010001251000019001352450039001542600038001933000048002314900023002795050007003025200674003095210021009835210018010046500046010227519FISKH20250826101534.0250723b cb ||||| |||| 00| 0 eng d a9780545430913 aFISKHbengcFISKHdFISKH aPZ7  a531.7 aScott, Janine  aDown to earth / cBy Janine Scott  aNew York : bScholastic, c2011.  a28 pages : bcolor illustrations ; c22 cm  aInvestigate force  aP  aExplores the invisible but powerful forces of physics that affect everything on Earth. Aimed at young readers, the book explains how gravity, motion, friction, air resistance, and lift work in everyday situations. Using real-life examples like birds flying, skydivers falling, cars moving, and astronauts floating in space, the book helps readers understand how these forces interact with the world around us. It connects science concepts to things children can see and experience, making learning both fun and practical. Bright photographs, simple explanations, and a helpful glossary and index make this nonfiction book an engaging introduction to physical science.8 a620 bLexile NC 8 aP bRaz-Plus  aGravity vFriction xLift Air Resistance